[Event "Escaldes zt"]
[Site "Escaldes"]
[Date "1998.11.09"]
[Round "4"]
[White "Lautier, Joel"]
[Black "Godena, Michele"]
[Result "1/2-1/2"]
[WhiteElo "2625"]
[BlackElo "2510"]
[Annotator "Ribli,Z"]
[PlyCount "150"]
[EventDate "1998.11.06"]
[EventType "swiss"]
[EventRounds "9"]
[EventCountry "AND"]
[SourceTitle "CBM 068"]
[Source "ChessBase"]
[SourceDate "1999.02.01"]
[SourceVersion "1"]
[SourceVersionDate "1999.02.01"]
[SourceQuality "1"]

1. d4 d5 2. c4 c6 3. Nf3 Nf6 4. Nc3 e6 {Neben dem Textzug kann Schwarz auch 4..
.dxc4 oder 4...a6 spielen. Ribli.} 5. g3 {In der letzten Zeit ist Schwarz
erfolgreich in der Meraner Variante, die so verhindert wird.} Be7 {Nach meiner
Meinung ist dieser scheinbar normale Zug nicht die beste Möglichkeit für
Schwarz.} (5... dxc4 $5 {Das ist die für Weiß kritische Fortsetzung.}) 6. Bg2
O-O 7. O-O Nbd7 8. b3 b6 9. Nd2 {[#]Weiß entwickelt nicht den b2-Läufer,
sondern beginnt sofortige Aktionen im Zentrum.} (9. Bb2 {meines Erachtens ist
diese natürliche Fortsetzung besser als der Textzug.} Bb7 (9... Ba6 10. a4 $5 (
10. Nd2) 10... dxc4 11. bxc4 Bxc4 12. Nd2 $14 {[%cal Rg2c6,Rd2c4]})) 9... b5 $5
(9... Ba6 10. e4 Rc8 11. Bb2 dxe4 12. Ncxe4 b5 13. c5 Nxe4 14. Nxe4 {0-1
Speelman,J-Lein,A/Hastings 1980/MCD (38)}) (9... Bb7 10. e4 dxe4 11. Ndxe4 Nxe4
12. Nxe4 Nf6 13. Bf4 Qd7 14. c5 Nxe4 15. Bxe4 {1-0 Khalifman,A-Almasi,Z/Wijk
aan Zee 1995/CBM 45 (35)}) 10. e4 (10. cxb5 cxb5 11. Nxb5 Qb6 $132 {[%csl Rb5,
Gb6,Rd4]}) 10... bxc4 11. bxc4 Ba6 {[%csl Yc4][%cal Ga6f1,Gd7b6,Gb6c4]} 12. e5
$146 {[#]} (12. Re1 Bb4 13. Bb2 Bxc4 14. Nxc4 dxc4 15. Qc2 Nb6 16. a3 Ba5 17.
Red1 Rb8 18. Ne2 Qe7 19. a4 c5 20. dxc5 Qxc5 21. Ba3 Bb4 22. Bxb4 Qxb4 23. a5
Nbd7 24. Ra4 Qb5 25. Qxc4 Qh5 {0-1 Wells,P-Vaganian,R/Antwerp 1997/CBM 59 ext 
(66)}) 12... Ne8 13. Re1 Bb4 $13 (13... Nb6 14. c5 (14. cxd5 $6 cxd5 $15) 14...
Nc4 15. Nxc4 (15. Qa4 Qa5 $1 16. Qxa5 Nxa5 $11) 15... Bxc4 16. Qa4 Qd7 17. Rb1
$14) 14. Qc2 Bxc4 $6 {Eine interessante Entscheidung. Schwarz gibt das
Läuferpaar für Aktivität auf, aber in offener Stellung wird das Läuferpaar
stark.} (14... Nb6 15. c5 Nc4 16. Nxc4 Bxc4 17. Bd2 $14 {Weiß hat Raumvorteil,
aber die schwarze Stellung ist fest.}) (14... dxc4 15. Bxc6 $14 {[%csl Ra6]})
15. Nxc4 dxc4 16. Bxc6 Rc8 17. Bb7 {Weiß vertreibt den c8-Turm von seiner
idealen Stellung.} Rb8 (17... Rc7 18. Be4 (18. Bg2)) 18. Be4 {Weiß provoziert
die Schwächung der schwarzen Königsstellung.} (18. Bg2 $5 Nc7 $11 {[%csl Yd5]
[%cal Gd7b6,Gb6d5,Gc7d5]}) 18... f5 (18... g6 19. Bh6 $14) 19. Bg2 (19. exf6 $6
Ndxf6 $15) 19... Nb6 20. Rb1 Bxc3 (20... Nd5 $2 21. Nxd5 $1 Bxe1 22. Ne7+ Qxe7
(22... Kh8 23. Nc6 $18) 23. Rxb8 $16) 21. Qxc3 Nc7 $14 {[%csl Yd5][%cal Gb6d5,
Gc7d5] Weiß besitzt das Läuferpaar, besonders sein schwarzfeldriger Läufer
scheint gefährlich zu sein, aber Schwarz hat einen guten Vorposten auf d5.
Trotzdem scheint das Läuferpaar wertvoller, denn Weiß kann sich entscheiden,
in einem guten Moment abzutauschen.} 22. Ba3 {[%cal Ra3f8]} Ncd5 23. Qc2 Rf7 {
[%csl Gd5]} 24. Bc5 (24. Bd6 Rc8) 24... Rfb7 25. Bd6 {[%csl Gb1,Gd6,Gg2]
Schwarz hat Probleme mit der Figurenkoordination.} Rc8 26. Bxd5 {[%cal Gb1b7]}
exd5 27. Qxf5 $16 {Weiß hat einen Bauern mehr und eine aktive Stellung.} Qd7 (
27... c3 28. Rec1 $16 {[%csl Rc3]}) 28. Qxd7 (28. Qc2) 28... Rxd7 29. Rb5 {
[%csl Rd5]} (29. Bc5 $5 Na4 30. e6 Rdc7 31. Bd6 Rc6 32. e7 Re8 (32... Kf7 $2
33. e8=Q+ Rxe8 34. Rb7+ $18) 33. Ba3 $16) 29... c3 $5 {Schwarz ergreift seine
Chance. Der c-Bauer ist gefährlich und es gibt einen neuen Springervorposten
für Schwarz auf c4.} 30. Rc1 (30. Bc5 $5 Na4 31. e6 Rdc7 32. Bd6 Rc6 33. e7 Re8
34. Ba3 (34. Rxd5 $2 Nb6 $17 {[%csl Rd5,Rd6][%cal Rb6d5,Rc6d6]})) 30... Rc4 31.
Rb4 {Weiß scheint wegen des schwachen schwarzen c-Bauern sofort zu gewinnen.}
Rdc7 $8 (31... Rxb4 32. Bxb4 Na4 33. Bxc3 Rc7 34. Bd2 $18) 32. Bxc7 Rxb4 33.
Rxc3 (33. Bxb6 $5 axb6 34. Rxc3 Rxd4 $16) 33... Rxd4 34. e6 {Weiß tauscht
nicht, denn sein Läufer ist viel aktiver.} (34. Bxb6) 34... Nc4 (34... Kf8 $2
35. Bd6+ Kg8 (35... Ke8 36. Rf3 $18) 36. Rf3 $18) 35. Rb3 {[%cal Rb3b8,Rb8g8]}
Kf8 36. Rb7 {[%csl Gb7,Gc7,Ge6]} (36. Bd8 Re4 37. e7+ Ke8 {[%csl Rd8] Weiß hat
einen Bauern mehr, aber der Läufer steht unglücklich.}) 36... Re4 37. Rxa7 Rxe6
{[%csl Ga2] Der starke erntfernte weiße Freibauer ist sehr gefährlich.} 38. Bf4
h6 39. h4 Re2 40. Kg2 (40. a4 Ra2) (40. Kf1 Rc2) 40... d4 {[%csl Gd4] Schwarz
hat auch einen gefährlichen Freibauern. Daher muß Weiß seinen a-Bauern gegen
den schwarzen d-Bauern tauschen.} 41. Rd7 Rxa2 42. Rxd4 $14 {[#]Weiß besitzt
einen Mehrbauern, aber es gibt keinen Freibauern, was die schwarze
Verteidigung erleichtert.} Rc2 43. h5 {[%csl Rg7,Gh5,Rh6]} Ke7 44. Kf3 Na5 45.
Rb4 (45. Be5 Nc6 46. Re4 Nxe5+ 47. Rxe5+ Kf6 $14 {Weiß steht natürlich besser,
aber Schwarz kann das Remis leicht erreichen.}) 45... Rc3+ 46. Kg4 Rc5 {
[%cal Gc5h5]} 47. Rb8 Nc4 (47... Nc6 48. Ra8 $14 (48. Rc8 $2 Ne5+ {[%cal Re5g4,
Rc5c8]} 49. Bxe5 Rxc8 50. f4 $11)) 48. Kh4 Ne5 49. Be3 Rc7 (49... Rd5) 50. Rb5
Nd7 51. g4 {Weiß mobilisiert seine Bauernmehrheit, aber das Material ist
reduziert und Schwarz sollte bei genauem Spiel nicht verlieren.} Kf7 52. Bd4
Nf8 (52... Rc4) 53. Be5 Ra7 54. f4 Ne6 55. Rb6 {Weiß hat das Maximum erreicht.
Wie soll es jetzt weitergehen? Nach z.B. g4-g5 kann Schwarz die Bauern
tauschen.} Nf8 {[%cal Gf8d7,Gd7e5,Gd7b6]} 56. Bb2 Ne6 57. Kg3 (57. f5 Nf8 $8 (
57... Ng5 58. Rg6 Kg8 59. f6 $16) 58. f6 Nd7 $11) 57... Rd7 58. Kf3 Rd3+ 59.
Ke4 Nc5+ 60. Kf5 (60. Ke5 Nd7+ 61. Ke4 Nxb6 $11) 60... Rb3 $1 61. Rc6 (61. Rxb3
Nxb3 $11 {Und die Stellung ist einfach remis. Weiß kann den Mehrbauern nicht
verwerten.}) 61... Rxb2 62. Rxc5 {Weiß hat nur symbolischen Vorteil. In der
Großmeisterpraxis kann man ein solches Turmendspiel nicht gewinnen.} Rb7 63.
Rd5 Ra7 {Mit einfachen Wartezügen hält Schwarz die Stellung.} 64. Ke5 Re7+ 65.
Kd4 (65. Kf5 $14) 65... Re1 66. Rd7+ Kf6 67. Rd6+ Kf7 68. Kd5 Rg1 (68... Rd1+
69. Ke5 Re1+ 70. Kf5 $14) 69. Rg6 Ra1 70. f5 (70. Rd6 Rg1) 70... Ra4 $11 {
[%csl Ga4] Der schwarze Turm steht ausgezeichnet. Weiß muß seinen Turm auf g6
behalten.} 71. Ke5 (71. g5 hxg5 72. Rxg5 Kf6 $11) 71... Rb4 72. f6 {Die letzte
Hoffnung für Weiß.} Rb5+ (72... gxf6+ 73. Rxf6+ Kg7 $11) 73. Kf4 gxf6 (73...
Rb4+ $11) 74. Rxh6 Kg7 {[%csl Rh6]} 75. Rg6+ Kf7 {Und endlich wurde Remis
gegeben. Weiß kann nichts erreichen.} 1/2-1/2

[Event "FIDE-Wch k.o."]
[Site "Groningen"]
[Date "1997.12.21"]
[Round "5.2"]
[White "Krasenkow, Michal"]
[Black "Short, Nigel D"]
[Result "0-1"]
[WhiteElo "2645"]
[BlackElo "2660"]
[Annotator "Ribli,Z"]
[PlyCount "68"]
[EventDate "1997.12.09"]
[EventType "k.o."]
[EventRounds "7"]
[EventCountry "NED"]
[SourceTitle "CBM 063"]
[Source "ChessBase"]
[SourceDate "1998.03.26"]
[SourceVersion "1"]
[SourceVersionDate "1998.03.26"]
[SourceQuality "1"]

1. d4 Nf6 2. c4 e6 3. g3 Bb4+ (3... c5 $5) 4. Bd2 Be7 {Es scheint, Schwarz
habe ein Tempo verloren, aber in Wirklichkeit steht der d2-Läufer schlecht und
die natürliche Läuferentwicklung nach b2 ist nicht möglich. Ribli.} 5. Bg2 d5
6. Nf3 O-O 7. O-O c6 {Schwarz spielt die geschlossene Katalanische
Verteidigung.} 8. Qb3 (8. Qc2) 8... Nbd7 9. Bg5 (9. Bf4) 9... b6 (9... h6 10.
Bxf6 Bxf6 11. Nbd2 Qb6 12. e3 Qxb3 13. axb3 e5 14. cxd5 cxd5 15. dxe5 Nxe5 16.
Nxe5 Bxe5 17. Bxd5 Rd8 {1/2-1/2 Krasenkow,M-Goldin,A/Cappelle op 1992 (23)})
10. Re1 $146 {Weiß ist eigentlich in "Zugzwang" mit dem b1-Springer. Nach 10.
Nc3 wäre 10...Ba6 unangenehm und nach 10.Nbd2 spielt Schwarz einfach 10...Bb7.
Weiß möchte einen universellen Abwartezug machen. Nach 10...Bb7 spielt er 11.
Nc3 und nach 10...Ba6 11.Nbd2. Der Partiezug gefällt mir aber nicht, denn der
Turm steht nicht besser auf e1 als auf f1.} (10. Rd1 Bb7 (10... Ne4 11. Bxe7
Qxe7 12. Nc3 Nxc3 13. Qxc3 a5 14. e4 dxe4 15. Ne5 $14) 11. Nc3 Re8 $6 (11... h6
12. Bxf6 Nxf6 13. Ne5 Nd7 14. Nxd7 (14. Nd3 Rc8 15. e4 dxc4 16. Qxc4 Qc7 17. e5
$14) 14... Qxd7 15. e4 Rfd8 16. Rac1 Bf6 17. cxd5 cxd5 18. e5 Be7 19. Bf1 Rdc8
20. h4 h5 21. Bb5 Qd8 {1/2-1/2 Krasenkow,M-Ruban,V/RUS-ch 1995 (45)}) (11... a5
12. cxd5 cxd5 13. Rac1 Ne4 14. Bxe7 Qxe7 15. Nd2 Nef6 16. e3 Rfc8 17. a3 Ba6
18. Nb5 {1/2-1/2 Tukmakov,V-Chernin,A/Lvov zt 1990 (37)}) 12. Rac1 dxc4 13.
Qxc4 Nd5 14. Bxe7 Qxe7 15. Ne4 e5 16. Qb3 a5 17. Qa3 Nb4 18. dxe5 Nxe5 {
Tukmakov,V-Short,N/EUCup f 1988/1/2-1/2 (58)}) (10. Nc3 a5 $5 11. a4 Ba6 12.
cxd5 exd5 13. Rfd1 Re8 14. e4 Bc4 15. Qc2 dxe4 16. Nxe4 Bd5 17. Nc3 Rc8 {
1/2-1/2 Glavina,P-Giorgadze,G/ESP-chTB 1996 (58)}) 10... Bb7 11. Nc3 Ne4 $5 (
11... Rc8) 12. Bxe7 Qxe7 13. Nxe4 {Weiß strebt nach assymmetrischer Struktur.
Objektiv ist das nicht besonders gut, aber er hatte die erste Partie dieses
Miniwettkampfes verloren und muß so die zweite Partie um jeden Preis gewinnen,
um sich eventuell für die nächste Runde zu qualifizieren.} (13. Rac1) (13. Rad1
) 13... dxe4 14. Nd2 c5 $13 15. e3 (15. dxc5 Nxc5 16. Qe3 f5) (15. Nxe4 cxd4
$15) (15. Bxe4 Bxe4 (15... cxd4 $6 16. Bxb7 Nc5 17. Qf3 Nxb7 $11 (17... Qxb7
18. b4 Qxf3 19. Nxf3 $16 {[%csl Rd4]})) 16. Nxe4 cxd4 $15) 15... f5 {Wir haben
eine typische Stonewall-Stellung.} 16. Qc3 a5 17. Rad1 Rfc8 {[%cal Gc8c3]} 18.
f3 {Dieser Zug schwächt die weiße Königsstellung, aber Weiß sucht ja
Komplikationen.} exf3 19. Bxf3 (19. Nxf3 Nf6 $15 {[%csl Re4]}) 19... Nf6 20.
Bxb7 Qxb7 $15 {[%csl Gb7][%cal Gb7h1] Schwarz hat die bessere Figurenstellung
und es gibt Schwächen im Lager des Anziehenden.} 21. Rf1 b5 (21... Ne4 22. Nxe4
Qxe4 $15 {[%csl Ge4]}) 22. b3 (22. cxb5 cxd4 (22... Nd5 23. Qd3 $13) 23. Qxd4
Qxb5 $15) 22... bxc4 23. bxc4 (23. Nxc4 Ne4 {[%csl Ge4,Rg1][%cal Ge4g5,Gg5f3,
Gg5h3]}) 23... Qc6 24. d5 Qd6 (24... exd5 25. Rxf5 $11) 25. Nf3 (25. dxe6 Qxe6
$15 {Schwarz hat die etwas bessere Bauernstruktur und die weiße Königsstellung
ist angreiffbar.}) 25... exd5 26. cxd5 Ne4 {[%csl Ge4]} 27. Qc4 (27. Qe5 $5 g6
28. Qxd6 Nxd6 $15) 27... Rab8 {[%cal Gb8b1]} 28. Rb1 $2 {Der entscheidende
Fehler in etwas schlechterer Stellung.} (28. Qc2 g6 $15) {[#]} 28... Nxg3 $1
$17 {[%csl Rg1] Mit diesem schönen Springeropfer gewinnt Schwarz einen
Schlüsselbauern des weißen Königsflügels.} 29. Rfc1 (29. hxg3 Qxg3+ 30. Kh1
Rxb1 31. Rxb1 Qxf3+ $19) (29. Rxb8 Rxb8 30. hxg3 Qxg3+ 31. Kh1 Rb2 32. d6+ Kh8
$19 (32... Kf8 $6 33. Nd2 Qh3+ $19)) 29... Ne4 30. Kh1 {Weiß hat vier schwache
Bauern, eine offene Königsstellung und einen Minusbauern zurückbehalten.} Rd8 {
[%csl Rd5]} 31. a4 (31. Rxb8 Rxb8 $17) 31... Rxb1 32. Rxb1 g5 $19 {Der zweite
Bauerngewinn ist auch gut, aber der Textzug ist effektiver.} (32... Qxd5 33.
Qxd5+ Rxd5 $19) 33. Rb5 g4 34. Nh4 Qf6 {[%csl Rh4] und Weiß gab auf. Ribli.} (
34... Qf6 35. Ng2 (35. d6+ Kh8 $19) 35... Qa1+ $19) 0-1

[Event "RUS-chT 06th"]
[Site "St Petersburg"]
[Date "1999.05.16"]
[Round "1"]
[White "Poluljahov, Aleksandr"]
[Black "Akhmadeev, Vadim"]
[Result "1-0"]
[WhiteElo "2566"]
[BlackElo "2467"]
[Annotator "Ribli,Z"]
[PlyCount "93"]
[EventDate "1999.05.16"]
[EventType "team-tourn"]
[EventRounds "9"]
[EventCountry "RUS"]
[SourceTitle "EXT 2020"]
[Source "ChessBase"]
[SourceDate "2019.10.17"]
[SourceVersion "1"]
[SourceVersionDate "2019.10.17"]
[SourceQuality "1"]
[WhiteTeam "Belorechensk Khimik"]
[BlackTeam "Kazan Sberbank-Tatarstan"]
[WhiteTeamCountry "RUS"]
[BlackTeamCountry "RUS"]

{[%mdl 36]} 1. c4 {Baburin} e6 2. Nf3 d5 3. g3 Nf6 {Dieser Zug ist natürlich
und gut aber 3...dxc4 kommt in Betracht. Ribli.} 4. Bg2 Be7 (4... dxc4 $5) 5.
O-O O-O 6. b3 c6 {Dieser Zug ist ein wenig passiv. Meines Erachtens bietet die
Alternative Schwarz bessere Chancen auf Ausgleich.} (6... c5) 7. d4 Nbd7 8. Nc3
{Jetzt wir haben die Grundstellung der geschlossenen Variante der
Katalanischen Eröffnung. Der Springerzug ist das letzte Wort der Theorie.
Früher spielte man 8.Qc2 b6 9.Rd1 und im Falle von 9...Ba6 10.Nbd2, hingegen
nach 9...Bb7 10.Nc3. Mit dem Textzug möchte Weiß den Zug Qc2 sparen.} b6 9.
Bb2 Ba6 10. a4 {Das ist Kortschnojs Lieblingvariante. Weiß opfert zeitweilig
den c-Bauern, aber er gewinnt ihn auf c6 zurück. Ansondern kann, wie in der
Partie, der a-Bauer vorangehen.} (10. Nd2 b5 $5 11. cxb5 (11. e4 bxc4 12. bxc4
Rb8 13. Rb1 Nb6 14. e5 Ne8 15. c5 Nc4 16. Nxc4 Bxc4 17. Re1 Qa5 18. Qc2 Nc7 19.
Ra1 Rb7 20. Re3 Rfb8 {1/2-1/2 Danielsen,H-Dizdar,G/Manila olm 1992}) 11... cxb5
12. a3 Rc8 13. b4 $1 Nb6 14. Nb3 Nc4 15. Bc1 Nd7 16. Ra2 Bb7 $5 17. Nxb5 a6 18.
Nc3 Nxa3 19. Nxd5 {1-0 Kortschnoj,V-Lputian,S/Sarajevo 1998/CBM 66/[Kortschnoj]
(63)}) 10... Rc8 {Schwarz nimmt die Herausforderung nicht an und verteidigt
seinen c-Bauern. Der Nachteil des Zuges ist, daß im Falle von a4-a5 der Läufer
auf a6 immer unverteidigt ist.} (10... dxc4 $5 11. bxc4 Bxc4 12. Nd2 Ba6 13.
Bxc6 Rc8 14. Bg2 Nb8 $5 15. Nb5 Qd7 16. Qb1 $5 Bxb5 $5 17. axb5 Qxb5 18. Rxa7
Qxe2 19. Bc1 $1 $44 {1-0 Kortchnoi,V-Nogueiras,J/Moscow (ol) 1994 (32)}) 11.
Nd2 Re8 {Schwarz macht Platz für den Springer auf f8, aber dieses Manöver ist
nicht besonders gut für Schwarz. Ich glaube, der Zug 11...Bb7 ist logischer,
aber auch in diesem Fall muß Schwarz um den Ausgleich kämpfen.} (11... Bb7 12.
e4 dxe4 13. Ndxe4 Nxe4 14. Nxe4 Nf6 15. a5 Rc7 16. a6 Bc8 17. Nc3 $14 {1/2-1/2
Kortschnoj,V-Huebner,R/Tilburg 1985/MCL (42)}) 12. e4 $14 {Weiß hat
Raumvorteil und Übergewicht im Zentrum. Seine Läufer stehen gut in den langen
Diagonalen.} Nf8 (12... dxe4 13. Ndxe4 Nxe4 14. Nxe4 $14) 13. Re1 {Weiß räumt
die Diagonale des a6-Läufers.} (13. e5 N6d7 14. Re1 $14 c5 $6 15. Nb5 $36 {
[%csl Gb5]}) 13... Bb7 14. a5 $1 {Das ist eine Hauptidee des Systems 10.a4.
Weiß hat die Initiative am Damenflügel.} bxa5 (14... dxe4 15. Ndxe4 $14 (15. a6
Ba8 16. Ndxe4 Nxe4 17. Nxe4 $14)) 15. c5 {[%csl Ra5,Ra7]} Qc7 (15... Rb8 16. e5
N6d7 17. Ne2 $14 {[%cal Rb2c3,Rc3a5]}) 16. e5 N6d7 17. Ne2 {Weiß räumt das
Feld c3 für den Läufer.} Ba6 18. Bc3 {[%csl Ra5][%cal Rc3a5]} f5 $6 {Schwarz
schwächt freiwillig seine Königsstellung.} (18... Qb7 19. Nf4 Ng6 20. Nxg6 hxg6
21. Bxa5 $14 {[%cal Ga1a7] Weiß hat spürbaren Druck am Damenflügel.}) (18...
Ng6 19. Bxa5 Qb7 20. h4 $14) 19. h4 {Baburin: 'White enjoys great spatial
advantage and can start preparing an attack at his leisure.' Mit diesem Zug
gewinnt Weiß Raum am Königsflügel und sichert den Springervorposten auf f4.} (
19. exf6 $2 Bxf6 $15 {[%cal Ge6e5] Schwarz kann auf ...e6-e5 spielen und droht
eventuell eine kleine Kombination mit ...Bxe2 und ...Nxc5.}) 19... Bb5 20. Bxa5
Qb7 21. Nf4 {[%csl Gf4] Der Springer steht ausgezeichnet auf f4 und wegen 18...
f5 muß Schwarz immer auf den e6-Bauern achten.} Nb8 {Schwarz hat wenig Raum.
Mit dem Springerzug macht er Platz für die Dame.} 22. Qc2 Qd7 23. Nb1 {[%csl
Rb5][%cal Gb1c3,Gc3b5] Der weiße Springer strebt nach c3.} g5 $6 {Ein
scheinbar aktiver Zug, aber in Wirklichkeit eine neue Schwächung des
Königsflügels.} (23... a6 24. Nc3 $14) 24. hxg5 Bxg5 25. Bd2 {Es droht die
kleine Kombination 26.Nxd5!, denn nach 26...Bxd2 kommt 27.Nf6+.} Bxf4 26. Bxf4
$16 {[%csl Gf4,Yf6,Rg8] Weiß hat starke Kontrolle über die schwarzen Felder.
Im schwarzen Lager finden sich einige Felderschwächen.} Ng6 27. Bh6 {[%csl Gh6]
} (27. Bg5 $16) 27... Rc7 {[%cal Gc7h7,Gc7a7] Schwarz verteidigt die 7. Reihe.}
28. Nd2 {[%cal Gd2f3,Gf3g5] '!' Baburin. Baburin: 'Now this knight has
business on the kingside!' Die Situation hat sich geändert. Der Springer macht
sich auf den Weg zum Königsflügel.} Nh8 {[%cal Gh8f7]} 29. Nf3 Qf7 (29... Nf7
30. Bf4 $16 (30. Bd2 $16)) 30. Qd2 Nd7 (30... Qg6 $6 31. Nh4 $16) 31. Nh4 {
Weiß bereitet das Manöver Bf3 / Kg2 / Rh1 vor. Schwarz hat keinen aktiven Plan.
Er muß abwarten.} Ng6 32. Nxg6 hxg6 (32... Qxg6 33. Bf3 {Es droht Bf3 / Kg2 /
Rh1, gefolgt von Bh5.}) 33. Bf3 Nf8 34. Kg2 {[%cal Ge1h1,Gh1h8]} Nh7 35. Rh1 {
Weiß hat freie Hand am Königsflügel.} Qe7 36. Rh4 {[%cal Ga1h1,Gh1h8] Weiß
verdoppelt die Türme.} Qd8 (36... g5 37. Rh5 g4 38. Bd1 $16 {Und Weiß hat
klaren Vorteil. Er spielt Bc2 nebst und Rah1.}) 37. Rah1 {[%cal Gh1h8]} Rf7 38.
Be3 (38. Bg5 $1 {Später spielte Weiß das selbe Motiv (siehe 45.Bg5!), aber
jetzt geht das auch.} Qd7 (38... Qxg5 39. Rxh7 Qxd2 40. Rh8+ Kg7 41. R1h7#) 39.
Bf6 $18) 38... Rg7 39. Rh6 Qe7 (39... g5 40. Bxg5 Qxg5 (40... Nxg5 41. Rh8+ Kf7
42. Bh5+ $18 {[%csl Re8,Rf7][%cal Rh5e8]}) 41. Qxg5 Nxg5 42. Rh8+ Kf7 43. Bh5+
{[%csl Re8,Rf7][%cal Gh5e8]}) 40. Bd1 Rf8 41. f3 {Weiß muß sich nicht beeilen.
Er trifft weitere Vorbereitungen.} Re8 42. Bc2 Rf8 43. R6h2 Re8 44. Bh6 Rf7 45.
Bg5 $1 {Ein schönes Figurenopfer, das sofort gewinnt.} Nxg5 (45... Qd7 46. Bf6
$18) 46. Qxg5 $18 {[%csl Rg8][%cal Rh1h8,Rh8g8]} Rg7 (46... Qxg5 47. Rh8+ Kg7
48. R1h7#) 47. Qf6 (47. Qf6 Qxf6 48. exf6 $18 {[%csl Gf6,Rg8][%cal Rh1h8,Rh8g8]
}) 1-0